000 00721nam a2200253Ia 4500
003 OSt
005 20220924115639.0
006 a|||||r|||| 00| 0
007 ta
008 220923b |||||||| |||| 00| 0 hin d
020 _a8186339760 (hbk)
024 _a162369
037 _cTextual
040 _aARTS
_cARTS
_bhin
041 _2hin
_ahin
082 _aQ25:g, 152N8
100 _aNagar Shantilal
245 0 _aMahisasuramardini : sahityika, sanskritik, aitihasik evam rajanaitik paripreksh me
260 _aDelhi
_bEastern Book Linkers India
_c1998
300 _a188p.
_ccm.
650 _aRELIGION
942 _hQ25:g, 152N8
_cTEXL
_2CC
999 _c399282
_d399282